000
00279nam a2200109Ia 4500
008
190216s9999||||xx |||||||||||||| ||und||
100
_a
Parameswaran Erumeli
245
0
_a
Vidyabyasavum Deshiya Vikasanavum
260
_b
Vidyarthimithram
650
_a
Essay Malayalam
942
_c
BK
999
_c
24692
_d
24692